NLSUI OPAC header image

A Literary History of England: Vol 1: The Middle Ages (Record no. 209083)

MARC details
000 -LEADER
fixed length control field 00402nam a2200121Ia 4500
008 - FIXED-LENGTH DATA ELEMENTS--GENERAL INFORMATION
fixed length control field 210327s9999 xx 000 0 und d
100 ## - MAIN ENTRY--PERSONAL NAME
Personal name Albert C. Baugh, Kemp Malone
245 #2 - TITLE STATEMENT
Title A Literary History of England: Vol 1: The Middle Ages
260 ## - PUBLICATION, DISTRIBUTION, ETC.
Date of publication, distribution, etc. Year : 1882
650 ## - SUBJECT ADDED ENTRY--TOPICAL TERM
Topical term or geographic name entry element LITERATURE
856 ## - ELECTRONIC LOCATION AND ACCESS
Uniform Resource Identifier <a href="http://kkvlibrary.com/2020/12/30/a-literary-history-of-england-vol-1-the-middle-ages/">http://kkvlibrary.com/2020/12/30/a-literary-history-of-england-vol-1-the-middle-ages/</a>
942 ## - ADDED ENTRY ELEMENTS (KOHA)
Koha item type KK Venugopal Library Digital Collection
Holdings
Withdrawn status Lost status Source of classification or shelving scheme Damaged status Not for loan Home library Current library Date acquired Total Checkouts Barcode Date last seen Price effective from Koha item type
    Dewey Decimal Classification     . . 30.11.2024   KKV02 30.11.2024 30.11.2024 KK Venugopal Library Digital Collection